|
|
|
|
| LEADER |
00000nam a2200000 a 4500 |
| 001 |
vtls008303096 |
| 003 |
SK-MaSNL |
| 005 |
20260302074208.0 |
| 008 |
200115s1988 xo al f 100 0 slo |
| 020 |
|
|
|q (brož.)
|
| 035 |
|
|
|a urn:nbn:sk:snk-am00cvz1
|
| 035 |
|
|
|a urn:nbn:sk:snk-am3hnq4
|
| 035 |
|
|
|a BF4929D6-129C-4635-BB5F-DEE8913A1D6F
|
| 040 |
|
|
|a SNK
|b slo
|c SNK
|e AACR2
|
| 041 |
0 |
|
|a slo
|a cze
|
| 044 |
|
|
|a xo
|c SK
|
| 072 |
|
7 |
|a 37
|x Výchova a vzdelávanie
|2 konspekt
|
| 080 |
|
|
|a 004
|2 MDT-MRF
|
| 080 |
|
|
|a 371.3:004
|2 MDT-MRF
|
| 080 |
|
|
|a (063)
|2 MDT-MRF
|
| 111 |
2 |
|
|a Využitie výpočtovej techniky v školstve
|n (9. :
|d 1988 :
|c Tatranská Lomnica, Slovensko)
|9 101095
|
| 245 |
1 |
0 |
|a Využitie výpočtovej techniky v školstve
|b 9 . celoštátna konferencia : 6.-8. 4. 1988 Tatranská Lomnica
|c [zodpovedný redaktor: Pavol Horváth]
|
| 250 |
|
|
|a 1. vyd.
|
| 260 |
|
|
|a [S. l.
|b s. n.
|c 1988]
|
| 300 |
|
|
|a 199 s.
|b ilustr., sch., tab.
|c 21 cm
|
| 500 |
|
|
|a Čiast. text čes. Ilustr. tit. strana
|
| 504 |
|
|
|a Bibliogr. odkazy
|
| 506 |
|
|
|a 200 výtl.
|
| 650 |
0 |
7 |
|a výpočtová technika
|2 SNKPH
|9 1126
|
| 650 |
0 |
7 |
|a počítačom podporované vyučovanie
|2 SNKPH
|9 66766
|
| 655 |
|
7 |
|a zborníky konferencií
|2 SNKPH
|9 70153
|
| 700 |
1 |
|
|a Horváth, Pavol,
|d 1944-
|4 lso
|9 37287
|
| 958 |
|
|
|a OND
|
| 999 |
|
|
|c 1164067
|d 1165997
|
| 952 |
|
|
|a SNK
|b SNK
|y PREZ
|7 0
|p 17A0474404
|o snkSC 121507
|i snk2005/17124
|8 1
|0 0
|1 0
|4 0
|d 2005-10-14
|f 1
|l 0
|r 2025-06-02 00:00:00
|w 2026-02-24
|
| 952 |
|
|
|a SNK
|b SNK
|y VYP
|7 0
|p 17A1417754
|o snkSC 121507 D1
|i snk2020/11849
|8 7
|0 0
|1 0
|4 0
|d 2020-07-02
|l 0
|r 2026-02-24 20:43:43
|w 2026-02-24
|